| 000 | 01688cam a22004217i 4500 | ||
|---|---|---|---|
| 001 | 18388478 | ||
| 003 | OSt | ||
| 005 | 20200124161139.0 | ||
| 008 | 141126s2014 ii b 001 0 eng d | ||
| 010 | _a 2014497029 | ||
| 016 | 7 |
_a016876021 _2Uk |
|
| 020 | _a9788177083910 | ||
| 020 | _a8177083910 | ||
| 035 | _a(OCoLC)ocn887852098 | ||
| 040 |
_aBTCTA _beng _coclc _erda _dYDXCP _dDKAGE _dOCLCO _dUKMGB _dOCLCQ _dTXA _dOCLCF _dDLC |
||
| 042 | _alccopycat | ||
| 043 | _aa-ii--- | ||
| 050 | 0 | 0 |
_aHG3285 _b.J35 2014 |
| 082 | 0 | 4 |
_a332.10954 _223 _bJAI/B |
| 100 |
_aJain, Sonali _eauthor. _91058 |
||
| 245 | 1 | 0 |
_aBanking industry in India : _bReforms, regulations and services quality / _c Sonali Jain Assistant professor Commerce, Bharati College, University of Delhi, Delhi. |
| 264 | 1 |
_aNew Delhi, India : _bNew Century Publications, _c[2014] |
|
| 300 |
_a160 pages ; _c23 cm |
||
| 336 |
_atext _btxt _2rdacontent |
||
| 337 |
_aunmediated _bn _2rdamedia |
||
| 338 |
_avolume _bnc _2rdacarrier |
||
| 504 | _aIncludes bibliographical references and index. | ||
| 650 | 0 |
_aBanks and banking _xGovernment policy _zIndia. |
|
| 650 | 0 |
_aBanks and banking _xCustomer services _zIndia. |
|
| 650 | 0 |
_aBank management _zIndia. |
|
| 650 | 7 |
_aBank management. _2fast _0(OCoLC)fst00826723 |
|
| 650 | 7 |
_aBanks and banking _xCustomer services. _2fast _0(OCoLC)fst00826901 |
|
| 650 | 7 |
_aBanks and banking _xGovernment policy. _2fast _0(OCoLC)fst00826934 |
|
| 651 | 7 |
_aIndia. _2fast _0(OCoLC)fst01210276 |
|
| 906 |
_a7 _bcbc _ccopycat _d2 _encip _f20 _gy-gencatlg |
||
| 942 |
_2ddc _cBK _h332.10954 _iJAI/B _k332.10954 _mJAI/B |
||
| 999 |
_c11411 _d11411 |
||